000 00456nam a2200181Ia 4500
001 22272
005 20260414150820.0
008 260414t2014||||xx |||||||||||||| ||spa||
041 _aESP
082 _a621.3
_bT78
100 _aTrashorras Montecelos, Jesús
_eAUT
245 0 _aConfiguración de instalaciones eléctricas
_b
260 _c2014
300 _aix, 362 páginas :
_c27 cm.
650 _aTCA
654 _aCET
942 _cLIB
_dJUS
_fJUS
_2ddc
_n
999 _c22272
_d22272